000 00952nas a2200301 4500
001 BR2014002731
003 BR-BrBNA
005 20231205123944.0
007 ta
008 230509b bl.|||p| |||| 00| 00por d
040 _aBR-BrBNA
_bpor
_cBiblioteca Nacional de Agricultura
041 _a(Pt)
072 _aP35; F04; P33
100 1 _aNatale, W.
100 1 _aPrado, R. de M.
100 1 _aRozane, D.E.
100 1 _aRomualdo, L.M.
245 1 _aEfeitos da calagem na fertilidade do solo e na nutrição e produtividade da goiabeira
650 _aGOIABA
650 _aPRODUTIVIDADE
650 _aCALAGEM
650 _aFERTILIDADE DO SOLO
650 _aNUTRIENTE MINERAL
773 0 _tRevista Brasileira de Ciência do Solo (Brazil)
_xISSN 0100-0683
_g(Nov-Dec 2007), v. 31(6) p. 1475-1485
_wBR2014002731
856 4 0 _uhttp://www.scielo.br/pdf/rbcs/v31n6/24.pdf
909 _a202311
_bLúcia
_c55
_dLúcia Elande
942 _2AGRIS
_n0
_cANA
999 _c236593
_d236593